Bytový dom vo Zvolene

Guardado en:
Detalles Bibliográficos
Autor principal: Klepáčová, Mária (Autor)
Otros Autores: Makýš, Oto (Orientador)
Formato: Manuscrito Libro
Lenguaje:eslovaco
Publicado: 2025
Materias:
Acceso en línea:http://is.stuba.sk/zp/portal_zp.pl?podrobnosti=177925
CRZP
Etiquetas: Agregar Etiqueta
Sin Etiquetas, Sea el primero en etiquetar este registro!

MARC

LEADER 00000ntm a22000003a 4500
001 stuzp104857
003 SK-STU
005 20250725110856.2
007 ta
008 150427s2015----xo-----f-mn---000-0-slo-d
040 |a STU  |b slo 
041 0 |a slo 
100 1 |a Klepáčová, Mária  |u 010270  |4 aut  |U SvF Stavebná fakulta  |T SvF Katedra technológie stavieb  |X 122301  |U V270  |Y 28  |7 122301 
242 0 1 |a Dwelling House in Zvolen  |y eng 
245 1 0 |a Bytový dom vo Zvolene 
260 |c 2025 
650 4 |a sadrokartónové priečky  |2 slo 
650 4 |a projekt organizácie výstavby  |2 slo 
650 4 |a bytový dom  |2 slo 
650 4 |a residential building  |2 eng 
650 4 |a plasterboard partitions  |2 eng 
650 4 |a construction site organization plan  |2 eng 
700 1 |a Makýš, Oto  |u 010270  |k Z1  |4 ths  |U SvF Stavebná fakulta  |T SvF Katedra technológie stavieb  |X 832  |U V270  |Y 28  |7 A000000832 
856 4 |u http://is.stuba.sk/zp/portal_zp.pl?podrobnosti=177925 
856 4 |u https://opac.crzp.sk/?fn=detailBiblioForm&sid=12BF14ADF430A4F4BBF555B4236B  |z CRZP